[Event "FRA-ch U12/16 Girls"]
[Site "Agen"]
[Date "2023.04.30"]
[Round "9"]
[White "Langer, Karele"]
[Black "Schebacher, Leane"]
[Result "1-0"]
[WhiteElo "1495"]
[BlackElo "1559"]
[PlyCount "89"]
[EventDate "2023.04.23"]
[EventType "swiss"]
[EventRounds "9"]
[EventCountry "FRA"]
[SourceTitle "CBM 214 Extra"]
[Source "ChessBase"]
[SourceDate "2023.07.31"]
[SourceVersion "1"]
[SourceVersionDate "2023.07.31"]
[SourceQuality "1"]

1. e4 e5 2. Nf3 Nc6 3. d4 exd4 4. Bc4 Nf6 5. e5 Ng4 6. 0-0 d6 7. Re1 dxe5 8. h3 Nf6 9. Nxe5 Nxe5 10. Rxe5+ Be7 11. Qe2 Nd7 12. Rd5 0-0 13. Rxd4 Bf6 14. Rd1 Qe8 15. Qd2 Ne5 16. Bb3 Ng6 17. Nc3 c6 18. Qd3 Qe7 19. Be3 Rd8 20. Qxd8+ Qxd8 21. Rxd8+ Bxd8 22. Ne4 Kf8 23. Rd1 Bc7 24. Ng5 h6 25. Nxf7 a5 26. Bc5+ Kg8 27. Nxh6+ Kh7 28. Ng4 Bf5 29. Ne3 Bc8 30. c3 Nf4 31. Bc2+ Kh8 32. Bd6 Bxd6 33. Rxd6 Ne6 34. Bf5 Nf8 35. Rd8 Kg8 36. Rxc8 Rxc8 37. Bxc8 b5 38. Bb7 c5 39. Bc6 b4 40. Nc4 bxc3 41. bxc3 Ng6 42. Nxa5 Ne5 43. Bd5+ Kf8 44. a4 Ke7 45. Nc6+ 1-0

[Event "FRA-ch U12"]
[Site "Agen"]
[Date "2021.10.29"]
[Round "7"]
[White "Roy, Suvrojija"]
[Black "Schebacher, Leane"]
[Result "1/2-1/2"]
[WhiteElo "1080"]
[BlackElo "1344"]
[PlyCount "47"]
[EventDate "2021.10.22"]
[EventType "swiss"]
[EventRounds "9"]
[EventCountry "FRA"]
[SourceTitle "EXT 2023"]
[Source "ChessBase"]
[SourceDate "2022.10.05"]
[SourceVersion "1"]
[SourceVersionDate "2022.10.05"]
[SourceQuality "1"]

1. e4 e5 2. Nf3 Nc6 3. d4 exd4 4. Nxd4 Nxd4 5. Qxd4 Ne7 6. Nc3 Nc6 7. Qd1 Bc5 8. Nd5 d6 9. Bd3 Be6 10. Qe2 Ne5 11. f4 Nxd3+ 12. Qxd3 0-0 13. f5 Bxd5 14. Qxd5 c6 15. Qd3 Re8 16. Bf4 Qh4+ 17. g3 Qh5 18. Kd2 Qh3 19. Rad1 Qg2+ 20. Kc1 Rxe4 21. Rhe1 Rd4 22. Re2 Qd5 23. Rde1 Kf8 24. Qb3 1/2-1/2

[Event "FRA-ch U12"]
[Site "Agen"]
[Date "2021.10.25"]
[Round "2"]
[White "Schebacher, Leane"]
[Black "Ricard Codeverte, Emma"]
[Result "1-0"]
[WhiteElo "1344"]
[BlackElo "1149"]
[PlyCount "52"]
[EventDate "2021.10.22"]
[EventType "swiss"]
[EventRounds "9"]
[EventCountry "FRA"]
[SourceTitle "EXT 2023"]
[Source "ChessBase"]
[SourceDate "2022.10.05"]
[SourceVersion "1"]
[SourceVersionDate "2022.10.05"]
[SourceQuality "1"]

1. e4 c5 2. Nc3 Nc6 3. Bb5 g6 4. Bxc6 bxc6 5. f4 Bg7 6. Nf3 d6 7. d3 e6 8. 0-0 Ne7 9. e5 Qc7 10. exd6 Qxd6 11. Kh1 Nd5 12. Ne4 Qe7 13. Qe1 Nb4 14. Qf2 Na6 15. Ne5 Bb7 16. Be3 f6 17. Nc4 Bf8 18. Ned6+ Kd8 19. Bxc5 Nxc5 20. Qxc5 Qc7 21. Nxb7+ Qxb7 22. Qd4+ Ke7 23. Rfe1 Rd8 24. Rxe6+ Kxe6 25. Qxd8 c5 26. Qe8+ Kd5 1-0

[Event "Trophee Roza Lallemand Online"]
[Site "Tornelo INT"]
[Date "2020.12.13"]
[Round "6"]
[White "Schebacher, Leane"]
[Black "Samy, Valerie"]
[Result "1/2-1/2"]
[WhiteElo "1389"]
[BlackElo "1530"]
[PlyCount "86"]
[EventDate "2020.12.13"]
[EventType "swiss (rapid)"]
[EventRounds "9"]
[EventCountry "USA"]
[SourceTitle "EXT 2022"]
[Source "ChessBase"]
[SourceDate "2021.10.06"]
[SourceVersion "1"]
[SourceVersionDate "2021.10.06"]
[SourceQuality "1"]

1. e4 e5 2. Nf3 Nc6 3. Bc4 Nf6 4. Ng5 d5 5. exd5 Nd4 6. c3 Nf5 7. d3 Nd6 8. Bb3 Bd7 9. Be3 h6 10. Ne4 Be7 11. Nbd2 c6 12. dxc6 Bxc6 13. Ng3 e4 14. dxe4 Ndxe4 15. Ndxe4 Nxe4 16. Nxe4 Qxd1+ 17. Rxd1 Bxe4 18. 0-0 0-0 19. Bd5 Bxd5 20. Rxd5 Bf6 21. Bd4 Bg5 22. Rd1 a6 23. Bc5 Rfe8 24. Rd7 b5 25. Bb4 a5 26. Bc5 h5 27. Rb7 b4 28. cxb4 axb4 29. Ra1 Rxa2 30. Rb1 Re2 31. Rxb4 Bd2 32. Rb8+ Kh7 33. Kf1 Re5 34. b4 Rf5 35. Bd4 Bf4 36. Re8 Bxh2 37. b5 Bg3 38. Re2 Ra4 39. Be3 Rh4 40. Kg1 Bh2+ 41. Kf1 Bg3 42. Kg1 Bh2+ 43. Kf1 Bg3 1/2-1/2